| 000 | 00544 a2200193 4500 | ||
|---|---|---|---|
| 502 | _aThèse d'exercice | ||
| 653 | 1 | _aSciences agronomiques | |
| 100 | _aHessou, D. Joseph | ||
| 300 | _aXI-129 p. | ||
| 245 | _aLes Stratégies alimentaires : le cas du Bénin | ||
| 650 | _aSECURITE ALIMENTAIRE | ||
| 130 | _lFr | ||
| 710 | _aAbomey-Calavi, Université nationale du Bénin, Faculté des Sciences Agronomiques, BJ | ||
| 041 | _bFr | ||
| 041 | _bEn | ||
| 653 | 1 | _aNutrition et sciences agro-alimentaires | |
| 651 | _aBENIN | ||
| 999 |
_c30119 _d30119 |
||